Pracovná sila ako faktor konkurencieschopnosti poľnohospodárskeho podniku

V príspevku autori poukazujú na základné charakteristiky pracovnej sily v SR a to objem pracovnej sily vyjadrený počtom zamestnaných v poľnohospodárstve, ich vekové zloženie a kvalifikačná úroveň. Tieto základné charakteristiky a ich analýza môžu pomôcť zvýšiť konkurencieschopnosť slovenského poľnoh...

Ausführliche Beschreibung

Gespeichert in:
Bibliographische Detailangaben
1. Verfasser: Tóth, Miroslav, 1961-
Weitere Verfasser: Tóthová, Alena, 1968-
Format: Buchkapitel
Sprache:Slowakisch
Schlagworte:
Tags: Tag hinzufügen
Keine Tags, Fügen Sie das erste Tag hinzu!

MARC

LEADER 00000naa$a2200000$$$4500
001 0128387
005 20240502072451.9
041 0 |a slo 
044 |a SK 
245 1 0 |a Pracovná sila ako faktor konkurencieschopnosti poľnohospodárskeho podniku  |c Miroslav Tóth, Alena Tóthová 
520 |a V príspevku autori poukazujú na základné charakteristiky pracovnej sily v SR a to objem pracovnej sily vyjadrený počtom zamestnaných v poľnohospodárstve, ich vekové zloženie a kvalifikačná úroveň. Tieto základné charakteristiky a ich analýza môžu pomôcť zvýšiť konkurencieschopnosť slovenského poľnohospodárstva. 
610 2 0 |a poľnohospodárstvo 
610 2 0 |a podnik poľnohospodársky 
610 2 0 |a Slovensko 
610 2 0 |a konkurencieschopnosť 
610 2 0 |a sily pracovné 
610 2 0 |a zamestnanosť 
610 2 0 |a nezamestnanosť 
610 2 0 |a vek 
610 2 0 |a vzdelanie 
100 1 |a Tóth, Miroslav, 1961- 
700 1 |a Tóthová, Alena, 1968-